000 00291nam a22001097a 4500
003 OSt
005 20260223102800.0
008 260223b |||||||| |||| 00| 0 eng d
040 _cZawadi Publishers
245 _aCounties of Hope, Havens of Rot
_bAnatomy of Kenya Devolved Dream
942 _2ddc
_cBK
999 _c4168
_d4168